000 00834cab a2200265 4500
001 ABS56515
008 090401t1997 xxu||||| |||| 00| 0 eng d
035 _a(Sirsi) u24207
041 _aeng
100 _aMackie, A.
245 _aRoom for a view
260 _c1997
350 _a0
490 _aPlanning Week
_v5(1) 9 January 1997, 9(1)
520 _aOutlines the situation behind a case soon to be heard in the HC where Tewkesbury BC are to appeal against a decision to allow green belt development based on a site`s planning history.
650 _aFARM BUILDINGS
650 _aGREEN BELT DEVELOPMENT
650 _aOUTLINE PLANNING PERMISSION
650 _aPLANNING HISTORY
650 _aRURAL DEVELOPMENT
650 _aTEWKESBURY BC
690 _aPLANNING LAW AND PRACTICE
942 _n0
948 _c04/03/1997
999 _c16221
_d16221